Closest Stations to the Centre of London - Statistics

General Stats
  • This quiz has been taken 25 times
    18 since last reset
  • The average score is 65 of 98
Answer Stats
Hint Answer % Correct
Bank City of London
100%
Bond Street Westminster
100%
Cannon Street City of London
100%
Chancery Lane City of London
100%
<1km Embankment Westminster
100%
Euston Camden
100%
Farringdon Islington
100%
Goodge Street Camden
100%
Green Park Westminster
100%
Mansion House City of London
100%
Southwark Southwark
100%
St Paul's City of London
100%
Temple Westminster
100%
Tottenham Court Road Westminster
100%
Victoria Westminster
100%
Waterloo Lambeth
100%
Aldgate City of London
91%
Angel Islington
91%
Blackfriars City of London
91%
Borough Southwark
91%
Euston Square Camden
91%
Holborn Camden
91%
Kings Cross St Pancras Camden
91%
London Bridge Southwark
91%
Marble Arch Westminster
91%
Monument City of London
91%
Piccadilly Circus Westminster
91%
Sloane Square Ken. & Chelsea
91%
<4km South Kensington Ken. & Chelsea
91%
Tower Hill Tower Hamlets
91%
Westminster Westminster
91%
Aldgate East Tower Hamlets
82%
Barbican City of London
82%
Camden Town Camden
82%
Covent Garden Westminster
82%
Great Portland Street Westminster
82%
Hyde Park Corner Westminster
82%
Knightsbridge Ken. & Chelsea
82%
Lambeth North Lambeth
82%
Leicester Square Westminster
82%
Liverpool Street City of London
82%
Moorgate City of London
82%
Old Street Islington
82%
Oxford Circus Westminster
82%
<2km St James' Park Westminster
82%
Warren Street Camden
82%
Baker Street Westminster
73%
High Street Kensington Ken. & Chelsea
73%
Kennington Southwark
73%
Mornington Crescent Camden
73%
Oval Lambeth
73%
Paddington Westminster
73%
Regent's Park Westminster
73%
Vauxhall Lambeth
73%
Edgware Road Westminster
64%
Edgware Road Westminster
64%
Elephant and Castle Southwark
64%
<5km Gloucester Road Ken. & Chelsea
64%
Queensway Westminster
64%
Bayswater Westminster
55%
Fenchurch Street City of London
55%
Marylebone Westminster
55%
Nine Elms Wandsworth
55%
<3km Pimlico Westminster
55%
St John's Wood Westminster
55%
Whitechapel Tower Hamlets
55%
Battersea Power Station Wandsworth
45%
Bermondsey Southwark
45%
Bethnal Green Tower Hamlets
45%
Chalk Farm Camden
45%
City Thameslink City of London
45%
Clapham North Lambeth
45%
Russell Square Camden
45%
Shadwell Tower Hamlets
45%
Tower Gateway City of London
45%
Brixton Lambeth
36%
Highbury and Islington Islington
36%
Maida Vale Westminster
36%
Stockwell Lambeth
36%
Wapping Tower Hamlets
36%
Waterloo East Lambeth
36%
Haggerston Hackney
27%
Hoxton Hackney
27%
Kentish Town Camden
27%
Royal Oak Westminster
27%
Shoreditch High Street Tower Hamlets
27%
Warwick Avenue Westminster
27%
Battersea Park Wandsworth
18%
Caledonian Road Islington
18%
Camden Road Camden
18%
Clapham High Street Lambeth
18%
Denmark Hill Southwark
18%
Essex Road Islington
18%
Kentish Town West Camden
18%
Loughborough Junction Lambeth
18%
Queenstown Road Wandsworth
18%
Wandsworth Road Lambeth
18%
Caledonian Road and Barnsbury Islington
9%
No matching quizzes found
Score Distribution
Percent of People with Each Score
Percentile by Number Answered
Your Score History
You have not taken this quiz since the last reset